Príručka na prijímacie skúšky anglický jazyk

Bibliographic Details
Main Authors: Laskovičová, Tatiana (Author), Ondrejová, Zuzana (Author)
Format: Book
Language:Slovak
English
PhysicalDescription:70 s. 21 s.
Published: Bratislava Vydavateľstvo Ekonóm 2012
ISBN:9788022535762
Edition:1. vyd.
Subjects:

MARC

LEADER 00000nam a2200000 a 4500
001 vtls010499848
003 SK-MaSNL
005 20260426005536.0
008 240314s2012 xo 000 0 slo
015 |a SNBA2013/04 
020 |a 9788022535762  |q (brož.) 
035 |a C1386383-0D1F-41DE-A8A7-0F85A408176D 
035 |a urn:nbn:sk:snk-amjn2c 
035 |a urn:nbn:sk:snk-am001owv 
040 |a SNK  |b slo  |c SNK  |e AACR2 
041 0 |a eng  |a slo 
044 |a xo  |c SK 
072 7 |a 378  |x Vysoké školy  |2 konspekt 
072 7 |a 811.111  |x Angličtina  |2 konspekt 
080 |a 811.111  |2 2001 
080 |a 373.5.016  |2 2001 
080 |a 378  |2 2001 
080 |a 371.279.5/.6  |2 2001 
080 |a (079.1)  |2 2001 
080 |a (035)  |2 2001 
100 1 |a Laskovičová, Tatiana  |4 aut  |9 41798 
245 1 0 |a Príručka na prijímacie skúšky  |b anglický jazyk  |c Laskovičová Tatiana, Ondrejová Zuzana 
250 |a 1. vyd. 
260 |a Bratislava  |b Vydavateľstvo Ekonóm  |c 2012 
300 |a 70 s.  |c 21 s. 
500 |a Text čiastočne v slov. 
504 |a Bibliogr. s. 69 
650 0 7 |a angličtina  |2 SNKPH  |9 1260 
650 0 7 |a English language  |2 SNKPHeng  |9 279139 
650 0 7 |a učivo stredných škôl  |2 SNKPH  |9 65982 
650 0 7 |a Secondary school curriculum  |2 SNKPHeng  |9 302204 
650 0 7 |a vysoké školy  |2 SNKPH  |9 1277 
650 0 7 |a Universities and colleges  |2 SNKPHeng  |9 265426 
650 0 7 |a prijímacie skúšky  |2 SNKPH  |9 1229 
650 0 7 |a Entrance examinations  |2 SNKPHeng  |9 311635 
655 7 |a testy  |2 SNKPH  |9 70500 
655 7 |a Tests  |2 SNKPHeng  |9 303179 
655 7 |a príručky  |2 SNKPH  |9 74364 
655 7 |a Handbooks, manuals, etc.  |2 SNKPHeng  |9 90964 
700 1 |a Ondrejová, Zuzana  |4 aut  |9 7052 
710 2 |a Ekonomická univerzita v Bratislave.  |b Fakulta aplikovaných jazykov  |4 pbl  |9 177776 
919 |a 978-80-225-3576-2 
958 |a NB 
999 |c 1010663  |d 1012593 
952 |a SNK  |b SNK  |y PREZ  |7 0  |p 17A1065567  |o snkSC 153768  |i snk2013/7223  |8 0  |0 0  |1 0  |4 0  |d 2013-03-27  |l 0  |r 2025-07-24 00:00:00  |w 2026-02-24 
952 |a SNK  |b SNK  |y VYP  |7 0  |p 17A1065566  |o snkSC 153768 D1  |i snk2013/7224  |8 0  |0 0  |1 0  |4 0  |d 2013-03-27  |f 1  |l 0  |r 2026-02-24 12:50:57  |w 2026-02-24